000 00517nam a2200181Ia 4500
003 GCL
008 140319s9999 xx 000 0 eng d
040 _aGCL /
_cGCL
082 0 4 _a327.4104
_bB B
100 1 _aBELOFF, LORD
245 1 0 _aBRITAIN AND EUROPEAN UNION: DIALOGUE OF THE DEAF /
_cBELOFF, LORD
260 _a[S.N] :
_bMACMILIAN ،
_c1996
300 _a172 P
650 0 4 _aINTERNATIONAL RELATIONS
650 0 4 _aGREAT BRITAIN - FOREIGN RELTATIONS
650 0 4 _aEUROPEAN UNION COUNTRIES
942 _2ddc
_cBK
999 _c15979
_d15979